| 000 | 00736nam a2200205Ia 4500 | ||
|---|---|---|---|
| 005 | 20241129110153.0 | ||
| 008 | 241129s9999||||xx |||||||||||||| ||und|| | ||
| 037 | _aTB | ||
| 040 |
_aARTS _bpun _cARTS |
||
| 041 |
_apun _2pun |
||
| 084 |
_aO152,1H77:g 153R2 _qARTS |
||
| 100 |
_aਰੂਪ ਲਾਲ ਰੂਪ, ਚ। _9727447 |
||
| 245 | 0 |
_aਗੁਰੂ ਰਵਿਦਾਸ ਪ੍ਰਗਾਸੁ ਦੀ ਖੋਜ਼ _cਰੂਪ ਲਾਲ ਰੂਪ, ਚ। |
|
| 260 |
_aਜਲੰਧਰ, ਭਾਰਤ _bਜਲੰਧਰ ਮਨੀਸ਼ਾ ਪ੍ਰਕਾਸ਼ਨ _c2022 |
||
| 300 | _a432ਪ੍ਰ0 | ||
| 365 |
_aINR _b900 |
||
| 650 |
_aHindi Poetry _97134 |
||
| 942 |
_cTB _hO152,1H77:g 153R2 |
||
| 999 |
_c1227583 _d1227583 |
||